000 00459nam a22001697a 4500
003 CEME
005 20210628202706.0
008 201230b xxu||||| |||| 00| 0 eng d
020 _a9780198062288
040 _cCEME
082 _a621.3822 LAT
100 _aLathi,B.P
_9734
245 _aPrinciples of signal processing and linear systems ,international version
260 _aINDIA
_bOXFORD UNIVERSITY PRESS
_c2015
300 _aXI, 840P
942 _cBK
_2ddc
999 _c570654
_d570654